000 00598nam a2200253 a 4500
001 nice12345678
003 IN_TiNIC
005 20260116011519.0
008 050524s1941 mada grp 000 0 eng
020 _a
_c100
082 0 0 _a294.565
_bCHE
100 _aChenchiah, P
245 _aAsramas Past and Present
260 _aMadras
_bIndian Christian Book Club
_c1941
300 _a326p
500 _aincludes index and biblioraphy
505 2 _aIndex
650 _aAsrama
700 1 _aV Chakkaria V
700 1 _aA N Sudarisanam
902 _bSRS
942 _cBK
999 _c2199
_d2199